Pays visités par Tintin - Statistiques

Statistiques générales
  • Ce quiz a été pris 509 fois
  • Le résultat moyen est 16 sur 24
Statistiques - réponses
Hint Réponse % Correct
Asie Chine
97%
Europe France
96%
Amérique Etats-Unis
95%
Afrique République Démocratique du Congo
93%
Europe Belgique
90%
Europe Russie
87%
Europe Royaume-Uni
84%
Asie Inde
83%
Océanie Australie
82%
Afrique Egypte
78%
Europe Allemagne
76%
Europe Italie
75%
Amérique Pérou
74%
Europe Suisse
67%
Afrique Maroc
59%
Asie Népal
55%
Asie Arabie saoudite
54%
Europe Syldavie
51%
Asie Indonésie
47%
Europe Bordurie
40%
Europe Islande
40%
Amérique San Theodoros
31%
Asie Khemed
16%
Amérique Nuevo Rico
10%
Aucun quiz correspondant
Distribution des résultats
% des personnes avec chaque résultat
Percentile par nombre de réponses
Votre historique - résultats
Vous n’avez pas pris ce quiz